[Event "NAYCC U08 w"]
[Site "Toronto CAN"]
[Date "2013.08.15"]
[Round "3"]
[White "Zhu, Harmony"]
[Black "Hsu, Skylar"]
[Result "1-0"]
[WhiteElo "1631"]
[BlackElo "1210"]
[PlyCount "125"]
[GameId "2160767909250467"]
[EventDate "2013.08.14"]
[EventType "swiss"]
[EventRounds "9"]
[EventCountry "CAN"]
[SourceTitle "EXT 2022"]
[Source "ChessBase"]
[SourceDate "2021.10.06"]
[SourceVersion "1"]
[SourceVersionDate "2021.10.06"]
[SourceQuality "1"]

1. d4 d5 2. c4 e6 3. Nf3 c6 4. Qc2 Nf6 5. Bg5 Nbd7 6. e3 Qa5+ 7. Nbd2 Ne4 8. Bf4 Ndf6 9. Bd3 Be7 10. O-O Nxd2 11. Nxd2 Qd8 12. Rac1 Bd6 13. Bxd6 Qxd6 14. Nf3 dxc4 15. Qxc4 Qd5 16. Rfe1 Qxc4 17. Bxc4 O-O 18. e4 Bd7 19. Ne5 Rfd8 20. f4 a5 21. a4 Rab8 22. Bd3 Be8 23. Nf3 b5 24. axb5 cxb5 25. Rc7 a4 26. Ra7 b4 27. Rc1 Rdc8 28. Rxc8 Rxc8 29. g3 Rc1+ 30. Kg2 Ra1 31. Ra8 Ra2 32. d5 Rxb2+ 33. Kh3 g6 34. d6 Kg7 35. Rxe8 a3 36. Ra8 a2 37. Bc4 b3 38. Nd4 Rd2 39. Nxb3 Rc2 40. e5 Nd7 41. Bb5 Nf8 42. Ra4 h5 43. d7 Nxd7 44. Bxd7 Rb2 45. Ra3 Rxb3 46. Rxa2 Rd3 47. Ra7 Kh6 48. Be8 g5 49. fxg5+ Kxg5 50. Bxf7 Kf5 51. Re7 Kxe5 52. Rxe6+ Kf5 53. Bg6+ Kxe6 54. Bxd3 Kf6 55. Kh4 Kg7 56. Kxh5 Kh8 57. g4 Kg7 58. g5 Kh8 59. g6 Kg7 60. Bc2 Kg8 61. Kh6 Kh8 62. g7+ Kg8 63. Bb3# 1-0

[Event "NAYCC U08 w"]
[Site "Toronto CAN"]
[Date "2013.08.16"]
[Round "4"]
[White "Hsu, Skylar"]
[Black "Guo, Hazel"]
[Result "1-0"]
[WhiteElo "1210"]
[BlackElo "961"]
[PlyCount "99"]
[GameId "2160767909250468"]
[EventDate "2013.08.14"]
[EventType "swiss"]
[EventRounds "9"]
[EventCountry "CAN"]
[SourceTitle "hb 2013"]

1. e4 c5 2. Nf3 d6 3. d4 cxd4 4. Nxd4 Nf6 5. Nc3 g6 6. f3 Bg7 7. Be3 O-O 8. Qd2 Nc6 9. O-O-O a6 10. h4 b5 11. Nxc6 Qc7 12. Nd4 Qa5 13. Nb3 Qc7 14. g4 b4 15. Nd5 Nxd5 16. exd5 Rd8 17. Bd4 Bb7 18. Bxg7 Kxg7 19. h5 a5 20. hxg6 fxg6 21. Qh2 Rh8 22. Qd2 Raf8 23. Be2 Rf6 24. f4 a4 25. Nd4 Kf7 26. g5 Rf5 27. Nxf5 gxf5 28. Bh5+ Kf8 29. Qd4 Rg8 30. Qxb4 Qd7 31. Rhg1 Ba6 32. g6 hxg6 33. Bxg6 Be2 34. Rde1 Bg4 35. Bxf5 Qxf5 36. Qxa4 Qxd5 37. Qb3 Qf5 38. Kb1 Qxf4 39. Ref1 Qxf1+ 40. Rxf1+ Kg7 41. Qg3 Kh6 42. Rh1+ Kg5 43. Qe3+ Kf6 44. Rh6+ Kf7 45. Qf4+ Ke8 46. Qa4+ Bd7 47. Qa8+ Kf7 48. Rh7+ Rg7 49. Rxg7+ Kxg7 50. Qb7 1-0

[Event "NAYCC U08 w"]
[Site "Toronto CAN"]
[Date "2013.08.16"]
[Round "4"]
[White "Matus, Nastassja"]
[Black "Atanasova, Rada"]
[Result "1-0"]
[WhiteElo "1352"]
[BlackElo "565"]
[PlyCount "99"]
[GameId "2160767909250469"]
[EventDate "2013.08.14"]
[EventType "swiss"]
[EventRounds "9"]
[EventCountry "CAN"]
[SourceTitle "EXT 2022"]
[Source "ChessBase"]
[SourceDate "2021.10.06"]
[SourceVersion "1"]
[SourceVersionDate "2021.10.06"]
[SourceQuality "1"]

1. d4 d5 2. Nf3 h6 3. c4 Nf6 4. Nc3 c6 5. Bf4 Bf5 6. h3 e6 7. e3 c5 8. Be2 Be7 9. O-O O-O 10. Rc1 Nc6 11. cxd5 exd5 12. Bd3 Bxd3 13. Qxd3 Qd7 14. Rfd1 c4 15. Qc2 Nb4 16. Qe2 Nd3 17. Rb1 Nxf4 18. exf4 Qe6 19. Ne5 Qf5 20. Nxc4 Bb4 21. Ne3 Qxf4 22. Nexd5 Qd6 23. Nxf6+ Qxf6 24. Nd5 Qd6 25. Qb5 a5 26. a3 Qc6 27. Qxc6 bxc6 28. Nb6 Ra6 29. axb4 Rxb6 30. bxa5 Ra6 31. Ra1 Rb8 32. Ra2 Rb5 33. Rda1 Rd5 34. Ra4 c5 35. dxc5 Rxc5 36. b4 Rb5 37. f3 Kf8 38. Kf2 Ke7 39. Rd1 g5 40. Rd4 f5 41. Ke3 Ke6 42. Kd3 Ke5 43. Kc4 Rb8 44. b5 Raa8 45. b6 Re8 46. b7 Ra6 47. Kb5 Rf6 48. a6 Rf7 49. g4 fxg4 50. Re4+ 1-0

[Event "NAYCC U08 w"]
[Site "Toronto CAN"]
[Date "2013.08.16"]
[Round "4"]
[White "Radin, Claire"]
[Black "Zhu, Harmony"]
[Result "0-1"]
[WhiteElo "864"]
[BlackElo "1631"]
[PlyCount "94"]
[GameId "2160767909250470"]
[EventDate "2013.08.14"]
[EventType "swiss"]
[EventRounds "9"]
[EventCountry "CAN"]
[SourceTitle "hb 2013"]

1. e4 c5 2. Nf3 Nc6 3. d4 cxd4 4. Nxd4 g6 5. Be3 Bg7 6. Nc3 Nf6 7. Bc4 Qa5 8. O-O O-O 9. Nxc6 bxc6 10. e5 Qxe5 11. Qd4 Qxd4 12. Bxd4 d5 13. Bd3 Nd7 14. Bxg7 Kxg7 15. Rae1 e5 16. f3 f5 17. Be2 Nf6 18. Na4 e4 19. Nc5 Rb8 20. b3 d4 21. fxe4 fxe4 22. Ba6 Bxa6 23. Nxa6 Rbd8 24. Nc5 Rfe8 25. Nb7 Rd7 26. Nc5 Rd5 27. b4 Rf5 28. Rxf5 gxf5 29. a4 Nd5 30. b5 cxb5 31. axb5 Nc3 32. Nd3 exd3 33. Rxe8 d2 34. Re7+ Kg6 35. Re6+ Kf7 36. Re5 d1=Q+ 37. Kf2 Qxc2+ 38. Kg3 Nxb5 39. Rxb5 Qd3+ 40. Kf4 Qxb5 41. Kg5 d3 42. Kh6 d2 43. Kxh7 d1=Q 44. Kh6 Qd6+ 45. Kh5 Qxh2+ 46. Kg5 f4+ 47. Kg4 Qbh5# 0-1

[Event "NAYCC U08 w"]
[Site "Toronto CAN"]
[Date "2013.08.16"]
[Round "4"]
[White "Radin, Paige"]
[Black "Levkov, Sabina"]
[Result "1-0"]
[WhiteElo "657"]
[BlackElo "451"]
[PlyCount "43"]
[GameId "2160767909250471"]
[EventDate "2013.08.14"]
[EventType "swiss"]
[EventRounds "9"]
[EventCountry "CAN"]
[SourceTitle "hb 2013"]

1. e4 e5 2. Nf3 Nc6 3. Nc3 Nf6 4. Bc4 Bc5 5. d3 d6 6. Bg5 Bg4 7. Qe2 O-O 8. O-O-O Nd4 9. Qf1 Nxf3 10. gxf3 Bxf3 11. Bxf6 Qxf6 12. Qh3 Bxd1 13. Rxd1 Bxf2 14. Nd5 Qg5+ 15. Kb1 Rac8 16. a3 c6 17. Nc3 Bd4 18. Rf1 Bxc3 19. bxc3 c5 20. Rxf7 Rxf7 21. Qxc8+ Qd8 22. Qxd8# 1-0

[Event "NAYCC U08 w"]
[Site "Toronto CAN"]
[Date "2013.08.16"]
[Round "4"]
[White "Schlaak, Alexis J"]
[Black "Gilani, Mysha"]
[Result "0-1"]
[WhiteElo "863"]
[BlackElo "1004"]
[PlyCount "44"]
[GameId "2160767909250472"]
[EventDate "2013.08.14"]
[EventType "swiss"]
[EventRounds "9"]
[EventCountry "CAN"]
[SourceTitle "EXT 2022"]
[Source "ChessBase"]
[SourceDate "2021.10.06"]
[SourceVersion "1"]
[SourceVersionDate "2021.10.06"]
[SourceQuality "1"]

1. e4 e5 2. Nf3 Nc6 3. Nc3 Nf6 4. b3 Bc5 5. Nxe5 Nxe5 6. d4 Bb4 7. dxe5 Bxc3+ 8. Bd2 Bxa1 9. exf6 Qxf6 10. c3 Bxc3 11. Bxc3 Qxc3+ 12. Ke2 O-O 13. g3 b6 14. Bg2 Ba6+ 15. Qd3 Bxd3+ 16. Ke3 Bf1+ 17. Kf4 Bxg2 18. Rg1 Qf3+ 19. Kg5 Qf6+ 20. Kh5 Bf3+ 21. g4 g6+ 22. Kh6 Qh4# 0-1

[Event "NAYCC U08 w"]
[Site "Toronto CAN"]
[Date "2013.08.16"]
[Round "4"]
[White "Sivapathasundaram, Nithusa"]
[Black "Minzak, Anna"]
[Result "0-1"]
[WhiteElo "533"]
[BlackElo "867"]
[PlyCount "60"]
[GameId "2160767909250473"]
[EventDate "2013.08.14"]
[EventType "swiss"]
[EventRounds "9"]
[EventCountry "CAN"]
[SourceTitle "hb 2013"]

1. e4 e5 2. Nf3 Nc6 3. Nc3 Nf6 4. Bc4 Bc5 5. Bb5 d6 6. d3 Bg4 7. Bg5 h6 8. Bxf6 Qxf6 9. O-O O-O 10. h3 Bxf3 11. Qxf3 Qxf3 12. gxf3 a6 13. Rfe1 axb5 14. Kh2 Nd4 15. Nxb5 Nxf3+ 16. Kh1 Nxe1 17. Kg1 Nxc2 18. Rc1 Nb4 19. Re1 Nxd3 20. Rd1 Nxb2 21. Rb1 Rxa2 22. Ra1 Rxa1+ 23. Kh2 Bxf2 24. Nxc7 Rc8 25. Nd5 Rc4 26. Kg2 Bc5 27. Kh2 Rxe4 28. Kg2 Re2+ 29. Kf3 Rh2 30. Nc7 Rxh3+ 0-1

[Event "NAYCC U08 w"]
[Site "Toronto CAN"]
[Date "2013.08.16"]
[Round "4"]
[White "Yu, Larina R"]
[Black "Gorti, Atmika"]
[Result "1-0"]
[WhiteElo "630"]
[BlackElo "659"]
[PlyCount "117"]
[GameId "2160767909250474"]
[EventDate "2013.08.14"]
[EventType "swiss"]
[EventRounds "9"]
[EventCountry "CAN"]
[SourceTitle "EXT 2022"]
[Source "ChessBase"]
[SourceDate "2021.10.06"]
[SourceVersion "1"]
[SourceVersionDate "2021.10.06"]
[SourceQuality "1"]

1. e4 e5 2. Bc4 Nf6 3. Nc3 Nc6 4. Nf3 Bb4 5. a3 Ba5 6. b4 Bb6 7. d3 d6 8. Be3 Bg4 9. O-O O-O 10. a4 Nxb4 11. a5 Bxe3 12. fxe3 Qd7 13. Na2 Nc6 14. Qe1 d5 15. exd5 Nxd5 16. Bxd5 Qxd5 17. Nc3 Qe6 18. Ng5 Qg6 19. Qh4 h6 20. Qxg4 Rfe8 21. Nb5 Rac8 22. Rxf7 hxg5 23. Rxc7 a6 24. Rxc8 Rxc8 25. Nc3 Rf8 26. Ne4 Ne7 27. Nxg5 Rf5 28. Qc4+ Kh8 29. Ne4 Qc6 30. Qb4 Nd5 31. Qe1 Qh6 32. Ng3 Rf7 33. e4 Ne3 34. Qe2 Rd7 35. Rc1 Qg5 36. Qd2 Qf4 37. Nf5 Nxf5 38. Qxf4 exf4 39. exf5 Rd5 40. g4 Rxa5 41. Rf1 Ra4 42. Re1 Rd4 43. Re4 Rxe4 44. dxe4 a5 45. Kf2 a4 46. g5 a3 47. f6 a2 48. f7 a1=Q 49. f8=Q+ Kh7 50. Qf5+ g6 51. Qf6 Qxf6 52. gxf6 Kg8 53. e5 Kf7 54. Kf3 g5 55. Kg4 b5 56. Kf5 f3 57. e6+ Kf8 58. e7+ Ke8 59. Ke6 1-0

[Event "NAYCC U08 w"]
[Site "Toronto CAN"]
[Date "2013.08.16"]
[Round "4"]
[White "Zhang, Wendy"]
[Black "Shen, Isamel"]
[Result "0-1"]
[WhiteElo "366"]
[BlackElo "725"]
[PlyCount "64"]
[GameId "2160767909250475"]
[EventDate "2013.08.14"]
[EventType "swiss"]
[EventRounds "9"]
[EventCountry "CAN"]
[SourceTitle "hb 2013"]

1. e4 e5 2. Nf3 Nc6 3. Bc4 Nf6 4. Nc3 Nxe4 5. Nxe4 d5 6. Bd3 dxe4 7. Be2 exf3 8. Bxf3 Bc5 9. O-O O-O 10. Be4 Qg5 11. d4 Qh4 12. dxc5 Qxe4 13. Qf3 Qg6 14. Qg3 Qxg3 15. hxg3 Bf5 16. Bg5 f6 17. Be3 Bxc2 18. Rac1 Bd3 19. Rfd1 e4 20. Re1 Nb4 21. Bf4 Bb5 22. Rxe4 Nd3 23. Bd2 Nxc1 24. Bxc1 Rad8 25. Rg4 Be2 26. Re4 Rd1+ 27. Kh2 Rxc1 28. Rxe2 Rd8 29. Kh3 Rxc5 30. Re7 Rd4 31. Re8+ Kf7 32. a3 Rh5# 0-1

[Event "NAYCC U08 w"]
[Site "Toronto CAN"]
[Date "2013.08.16"]
[Round "5"]
[White "Atanasova, Rada"]
[Black "Radin, Paige"]
[Result "1-0"]
[WhiteElo "565"]
[BlackElo "657"]
[PlyCount "67"]
[GameId "2160767909250476"]
[EventDate "2013.08.14"]
[EventType "swiss"]
[EventRounds "9"]
[EventCountry "CAN"]
[SourceTitle "EXT 2022"]
[Source "ChessBase"]
[SourceDate "2021.10.06"]
[SourceVersion "1"]
[SourceVersionDate "2021.10.06"]
[SourceQuality "1"]

1. e4 e5 2. Nf3 Nc6 3. Bc4 Bc5 4. c3 Nf6 5. Qe2 d6 6. d3 Be6 7. Bxe6 fxe6 8. Be3 Bxe3 9. Qxe3 Qd7 10. d4 O-O-O 11. O-O d5 12. Nbd2 exd4 13. cxd4 e5 14. dxe5 Ng4 15. Qf4 dxe4 16. Nxe4 h5 17. h3 Rdf8 18. Qg5 Nh6 19. Nh4 Nd4 20. Ng6 Ne2+ 21. Kh1 Qd3 22. Qe3 Qxe3 23. fxe3 Rxf1+ 24. Rxf1 Ng4 25. Nxh8 Nxe3 26. Re1 b6 27. Rxe2 Nd5 28. Ng5 c5 29. e6 Kd8 30. Re5 b5 31. Rxd5+ Kc8 32. Ng6 c4 33. e7 b4 34. Rd8+ 1-0

[Event "NAYCC U08 w"]
[Site "Toronto CAN"]
[Date "2013.08.16"]
[Round "5"]
[White "Gilani, Mysha"]
[Black "Hsu, Skylar"]
[Result "1-0"]
[WhiteElo "1004"]
[BlackElo "1210"]
[PlyCount "59"]
[GameId "2160767909250477"]
[EventDate "2013.08.14"]
[EventType "swiss"]
[EventRounds "9"]
[EventCountry "CAN"]
[SourceTitle "EXT 2022"]
[Source "ChessBase"]
[SourceDate "2021.10.06"]
[SourceVersion "1"]
[SourceVersionDate "2021.10.06"]
[SourceQuality "1"]

1. e4 e5 2. Nf3 Nc6 3. Bc4 Bc5 4. Nc3 Nf6 5. d3 d6 6. Be3 Bxe3 7. fxe3 Bg4 8. h3 Bxf3 9. Qxf3 Qd7 10. O-O-O O-O-O 11. Kb1 Kb8 12. d4 exd4 13. exd4 Qe8 14. Rhe1 Ne7 15. g4 Rf8 16. h4 h6 17. Rg1 Nd7 18. Rgf1 f6 19. g5 Qg6 20. gxh6 Qxh6 21. h5 f5 22. Rfe1 fxe4 23. Qxe4 Rfe8 24. Bf7 d5 25. Nxd5 Nxd5 26. Bxe8 N7f6 27. Qg6 Nxe8 28. Rxe8 Rc8 29. Rxc8+ Kxc8 30. Qe8# 1-0

[Event "NAYCC U08 w"]
[Site "Toronto CAN"]
[Date "2013.08.16"]
[Round "5"]
[White "Gorti, Atmika"]
[Black "Matus, Nastassja"]
[Result "0-1"]
[WhiteElo "659"]
[BlackElo "1352"]
[PlyCount "66"]
[GameId "2160767909250478"]
[EventDate "2013.08.14"]
[EventType "swiss"]
[EventRounds "9"]
[EventCountry "CAN"]
[SourceTitle "EXT 2022"]
[Source "ChessBase"]
[SourceDate "2021.10.06"]
[SourceVersion "1"]
[SourceVersionDate "2021.10.06"]
[SourceQuality "1"]

1. e4 c5 2. Nf3 Nc6 3. d4 cxd4 4. Nxd4 e5 5. Nf3 Nf6 6. Nc3 Bb4 7. Bg5 O-O 8. a3 Be7 9. Bb5 Qc7 10. O-O a6 11. Ba4 b5 12. Bb3 Bb7 13. Nd5 Qd8 14. Qd2 Nxe4 15. Nxe7+ Nxe7 16. Qe3 d6 17. Qe2 Nxg5 18. Nxg5 Nd5 19. Ne4 Nf4 20. Qe3 Qc7 21. Rad1 d5 22. Ng3 Nxg2 23. Qc3 Qxc3 24. bxc3 Nf4 25. Rfe1 Rfe8 26. Nf5 Rad8 27. Ne3 Re6 28. c4 Rg6+ 29. Kf1 d4 30. c5 Rd7 31. c4 dxe3 32. Rxd7 Bg2+ 33. Kg1 Nh3# 0-1

[Event "NAYCC U08 w"]
[Site "Toronto CAN"]
[Date "2013.08.16"]
[Round "5"]
[White "Guo, Hazel"]
[Black "Radin, Claire"]
[Result "0-1"]
[WhiteElo "961"]
[BlackElo "864"]
[PlyCount "106"]
[GameId "2160767909250479"]
[EventDate "2013.08.14"]
[EventType "swiss"]
[EventRounds "9"]
[EventCountry "CAN"]
[SourceTitle "EXT 2022"]
[Source "ChessBase"]
[SourceDate "2021.10.06"]
[SourceVersion "1"]
[SourceVersionDate "2021.10.06"]
[SourceQuality "1"]

1. e4 e5 2. Nc3 Nf6 3. f4 exf4 4. e5 Ng8 5. d4 d5 6. Bxf4 Nc6 7. Nf3 Bf5 8. Bd3 Bxd3 9. Qxd3 Nb4 10. Qd2 Ne7 11. a3 Nbc6 12. O-O Nf5 13. Nd1 Nh4 14. Bg5 Nxf3+ 15. Rxf3 Be7 16. Bxe7 Qxe7 17. c3 O-O-O 18. Ne3 Qg5 19. Qe2 f6 20. exf6 gxf6 21. Nf5 Rhe8 22. Qc2 Re4 23. Ng3 Re3 24. Rxe3 Qxe3+ 25. Qf2 Qxf2+ 26. Kxf2 f5 27. Nxf5 Rf8 28. g4 Ne7 29. Kg3 Nxf5+ 30. gxf5 Rxf5 31. Re1 Kd7 32. Re5 Rxe5 33. dxe5 Ke6 34. Kg4 Kxe5 35. Kg5 c5 36. Kg4 b5 37. Kf3 a5 38. Ke3 b4 39. axb4 cxb4 40. cxb4 axb4 41. b3 Kd6 42. Kd4 h6 43. h3 h5 44. h4 Kc6 45. Ke5 Kc5 46. Kf5 Kd4 47. Kg5 Kc3 48. Kxh5 d4 49. Kg4 d3 50. Kf3 d2 51. Ke2 Kc2 52. h5 d1=Q+ 53. Ke3 Qxh5 0-1

[Event "NAYCC U08 w"]
[Site "Toronto CAN"]
[Date "2013.08.16"]
[Round "5"]
[White "Minzak, Anna"]
[Black "Levkov, Sabina"]
[Result "1-0"]
[WhiteElo "867"]
[BlackElo "451"]
[PlyCount "24"]
[GameId "2160767739919889"]
[EventDate "2013.08.14"]
[EventType "swiss"]
[EventRounds "9"]
[EventCountry "CAN"]
[SourceTitle "EXT 2022"]
[Source "ChessBase"]
[SourceDate "2021.10.06"]
[SourceVersion "1"]
[SourceVersionDate "2021.10.06"]
[SourceQuality "1"]

1. e4 e5 2. Nf3 Nc6 3. Nc3 Nf6 4. Bc4 Bc5 5. O-O O-O 6. d3 d6 7. Bg5 Bg4 8. Bxf6 Qxf6 9. Nd5 Qd8 10. h3 Bxf3 11. Qxf3 Nd4 12. c3 Nc2 {...} 1-0

[Event "NAYCC U08 w"]
[Site "Toronto CAN"]
[Date "2013.08.16"]
[Round "5"]
[White "Shen, Isamel"]
[Black "Schlaak, Alexis J"]
[Result "0-1"]
[WhiteElo "725"]
[BlackElo "863"]
[PlyCount "76"]
[GameId "2160767909250480"]
[EventDate "2013.08.14"]
[EventType "swiss"]
[EventRounds "9"]
[EventCountry "CAN"]
[SourceTitle "EXT 2022"]
[Source "ChessBase"]
[SourceDate "2021.10.06"]
[SourceVersion "1"]
[SourceVersionDate "2021.10.06"]
[SourceQuality "1"]

1. e4 e5 2. Nf3 Nc6 3. Bb5 Nf6 4. Bxc6 dxc6 5. Nxe5 Qe7 6. Nf3 Nxe4 7. O-O Qd6 8. d3 Nf6 9. g3 Bh3 10. Bf4 Qd7 11. Qe2+ Be7 12. Re1 O-O 13. Ne5 Qf5 14. Nf3 Rfe8 15. Be5 Nd7 16. Nc3 Qe6 17. Nd4 Qg6 18. Qf3 Nxe5 19. Rxe5 Bf6 20. Rxe8+ Rxe8 21. Nde2 Bh4 22. Nf4 Qf6 23. gxh4 Qxh4 24. Ne4 Bg4 25. Qg2 Bf5 26. Re1 Qxf4 27. f3 Bxe4 28. dxe4 h6 29. Re2 Qc1+ 30. Kf2 Qxb2 31. f4 Qd4+ 32. Re3 Qd2+ 33. Re2 Qxf4+ 34. Kg1 Rd8 35. Re1 Rd2 36. Qh3 Qf2+ 37. Kh1 Qxe1+ 38. Qf1 Qxf1# 0-1

[Event "NAYCC U08 w"]
[Site "Toronto CAN"]
[Date "2013.08.16"]
[Round "5"]
[White "Sivapathasundaram, Nithusa"]
[Black "Zhang, Wendy"]
[Result "0-1"]
[WhiteElo "533"]
[BlackElo "366"]
[PlyCount "40"]
[GameId "2160767909250481"]
[EventDate "2013.08.14"]
[EventType "swiss"]
[EventRounds "9"]
[EventCountry "CAN"]
[SourceTitle "EXT 2022"]
[Source "ChessBase"]
[SourceDate "2021.10.06"]
[SourceVersion "1"]
[SourceVersionDate "2021.10.06"]
[SourceQuality "1"]

1. e4 e5 2. Nc3 Nf6 3. Nf3 Nc6 4. Bb5 a6 5. Bc4 Bc5 6. d3 O-O 7. Bg5 d6 8. O-O Be6 9. Bxe6 fxe6 10. b3 Qd7 11. d4 Bb4 12. Qd2 Nh5 13. Rfe1 Qf7 14. Rad1 d5 15. Re3 h6 16. Nh4 Bxc3 17. Rde1 Bxd2 18. R1e2 Bxe3 19. Rxe3 Qxf2+ 20. Kh1 Qf1# 0-1

[Event "NAYCC U08 w"]
[Site "Toronto CAN"]
[Date "2013.08.16"]
[Round "5"]
[White "Zhu, Harmony"]
[Black "Yu, Larina R"]
[Result "1-0"]
[WhiteElo "1631"]
[BlackElo "630"]
[PlyCount "67"]
[GameId "2160767909250482"]
[EventDate "2013.08.14"]
[EventType "swiss"]
[EventRounds "9"]
[EventCountry "CAN"]
[SourceTitle "EXT 2022"]
[Source "ChessBase"]
[SourceDate "2021.10.06"]
[SourceVersion "1"]
[SourceVersionDate "2021.10.06"]
[SourceQuality "1"]

1. d4 d5 2. c4 e6 3. Nf3 Nc6 4. Bf4 Nf6 5. e3 Bb4+ 6. Nbd2 Bd6 7. Bg3 O-O 8. Bd3 Qe7 9. a3 e5 10. dxe5 Nxe5 11. Nxe5 Bxe5 12. Bxe5 Qxe5 13. Rb1 d4 14. Nf3 Qd6 15. Nxd4 Bg4 16. Qc2 c5 17. Nf5 Qc6 18. Ne7+ Kh8 19. Nxc6 bxc6 20. O-O Rae8 21. h3 Be6 22. Bf5 Bxf5 23. Qxf5 Re4 24. Qxc5 Re6 25. Qxf8+ Ng8 26. Rbd1 h6 27. Rd8 Kh7 28. Qxf7 Rf6 29. Qxg8+ Kg6 30. Rfd1 Kg5 31. Qxg7+ Rg6 32. Qe5+ Kh4 33. R1d4+ Rg4 34. Rxg4# 1-0

[Event "NAYCC U08 w"]
[Site "Toronto CAN"]
[Date "2013.08.17"]
[Round "6"]
[White "Hsu, Skylar"]
[Black "Schlaak, Alexis J"]
[Result "1-0"]
[WhiteElo "1210"]
[BlackElo "863"]
[PlyCount "135"]
[GameId "2160767909250483"]
[EventDate "2013.08.14"]
[EventType "swiss"]
[EventRounds "9"]
[EventCountry "CAN"]
[SourceTitle "EXT 2022"]
[Source "ChessBase"]
[SourceDate "2021.10.06"]
[SourceVersion "1"]
[SourceVersionDate "2021.10.06"]
[SourceQuality "1"]

1. e4 e5 2. Nf3 Nc6 3. Bc4 Nf6 4. Ng5 d5 5. exd5 Nxd5 6. Nxf7 Kxf7 7. Qf3+ Ke8 8. Bxd5 Qd7 9. O-O Nd4 10. Qh5+ g6 11. Qxe5+ Ne6 12. Qxh8 Qxd5 13. Qc3 Nf4 14. Qf3 Qe5 15. Nc3 Bd6 16. Qg3 Qh5 17. Re1+ Kd8 18. Kf1 Nd5 19. Qf3 Qxh2 20. Nxd5 b6 21. Qf6+ Kd7 22. Qe6+ Kc6 23. Nb4+ Kb5 24. a4+ Ka5 25. Qd5+ Bc5 26. Nc6+ Ka6 27. Qc4+ Kb7 28. Nd8+ Kb8 29. Nc6+ Kb7 30. a5 Qh1+ 31. Ke2 Qxg2 32. a6+ Kxc6 33. Kd3 b5 34. Qf7 Bxa6 35. Qe6+ Bd6 36. Qe4+ Qxe4+ 37. Rxe4 b4+ 38. Rxa6+ Kb7 39. Ra1 Rd8 40. Ke2 g5 41. c3 bxc3 42. dxc3 h5 43. Bxg5 Rg8 44. Be3 Ra8 45. Rh4 c5 46. Rxh5 a5 47. Bxc5 Bxc5 48. Rxc5 Re8+ 49. Kf1 Rh8 50. Rcxa5 Rh1+ 51. Ke2 Rh8 52. Ra7+ Kb6 53. R1a6+ Kc5 54. b4+ Kc4 55. Ra3 Re8+ 56. Kd2 Rd8+ 57. Kc2 Rf8 58. Rc7+ Kd5 59. Ra5+ Kd6 60. Rac5 Rxf2+ 61. Kb3 Rf1 62. R5c6+ Ke5 63. Re7+ Kd5 64. Ree6 Rb1+ 65. Kc2 Rh1 66. Rcd6+ Kc4 67. Re5 Rh5 68. Rd4# 1-0

[Event "NAYCC U08 w"]
[Site "Toronto CAN"]
[Date "2013.08.17"]
[Round "6"]
[White "Levkov, Sabina"]
[Black "Gorti, Atmika"]
[Result "0-1"]
[WhiteElo "451"]
[BlackElo "659"]
[PlyCount "61"]
[GameId "2160767739919890"]
[EventDate "2013.08.14"]
[EventType "swiss"]
[EventRounds "9"]
[EventCountry "CAN"]
[SourceTitle "EXT 2022"]
[Source "ChessBase"]
[SourceDate "2021.10.06"]
[SourceVersion "1"]
[SourceVersionDate "2021.10.06"]
[SourceQuality "1"]

1. e4 e5 2. Nf3 Nc6 3. Nc3 Nf6 4. d4 exd4 5. Nxd4 Bb4 6. Nxc6 bxc6 7. Bg5 Qe7 8. Bc4 h6 9. Bf4 d5 10. Bd3 d4 11. Qd2 dxc3 12. bxc3 Bc5 13. O-O Nxe4 14. Bxe4 O-O 15. Qe2 Bd7 16. Bxc7 Rfe8 17. Rfe1 Bf5 18. Bf3 Qxc7 19. Qd2 Rad8 20. Qc1 Qb6 21. Rb1 Qc7 22. h3 a5 23. Qd2 Ba7 24. Rxe8+ Rxe8 25. Re1 Rxe1+ 26. Qxe1 Bb8 27. g3 Bxh3 28. Be4 Qd7 29. Kh2 Bf5 30. f3 h5 31. Qe3 {...} 0-1

[Event "NAYCC U08 w"]
[Site "Toronto CAN"]
[Date "2013.08.17"]
[Round "6"]
[White "Matus, Nastassja"]
[Black "Zhu, Harmony"]
[Result "1-0"]
[WhiteElo "1352"]
[BlackElo "1631"]
[PlyCount "93"]
[GameId "2160767909250484"]
[EventDate "2013.08.14"]
[EventType "swiss"]
[EventRounds "9"]
[EventCountry "CAN"]
[SourceTitle "EXT 2022"]
[Source "ChessBase"]
[SourceDate "2021.10.06"]
[SourceVersion "1"]
[SourceVersionDate "2021.10.06"]
[SourceQuality "1"]

1. d4 Nf6 2. Nf3 g6 3. c4 Bg7 4. Bf4 d6 5. h3 O-O 6. e3 Nbd7 7. Bd3 Re8 8. e4 e5 9. dxe5 dxe5 10. Be3 Qe7 11. Nc3 c6 12. O-O Nc5 13. Bc2 Rd8 14. Bxc5 Qc7 15. Qe2 b6 16. Be3 Ba6 17. Bd3 Rd7 18. Rfd1 Rad8 19. Rd2 Bb7 20. Rad1 Ne8 21. Bc2 Rxd2 22. Rxd2 Kf8 23. Rxd8 Qxd8 24. Qd2 Qxd2 25. Bxd2 Nd6 26. b3 Ke7 27. Ne2 f5 28. exf5 gxf5 29. Bc3 Ke6 30. Ng5+ Kf6 31. f4 Nf7 32. Nxf7 Kxf7 33. Bxf5 exf4 34. Bxg7 Kxg7 35. Nxf4 h6 36. Be4 Kf6 37. Nd3 Ke6 38. Nb4 Kd6 39. Kf2 a5 40. Nd3 Bc8 41. g4 c5 42. Kg3 Ke7 43. Kh4 Kf6 44. Kh5 Kg7 45. Nb2 Bd7 46. Na4 Bxa4 47. bxa4 1-0

[Event "NAYCC U08 w"]
[Site "Toronto CAN"]
[Date "2013.08.17"]
[Round "6"]
[White "Minzak, Anna"]
[Black "Guo, Hazel"]
[Result "0-1"]
[WhiteElo "867"]
[BlackElo "961"]
[PlyCount "124"]
[GameId "2160767909250485"]
[EventDate "2013.08.14"]
[EventType "swiss"]
[EventRounds "9"]
[EventCountry "CAN"]
[SourceTitle "EXT 2022"]
[Source "ChessBase"]
[SourceDate "2021.10.06"]
[SourceVersion "1"]
[SourceVersionDate "2021.10.06"]
[SourceQuality "1"]

1. e4 c5 2. Nf3 d6 3. Bc4 Nf6 4. Ng5 e6 5. Nc3 h6 6. Nf3 Nc6 7. d4 cxd4 8. Nxd4 Be7 9. Nxc6 bxc6 10. Bf4 e5 11. Be3 O-O 12. O-O Bb7 13. h3 d5 14. exd5 cxd5 15. Bd3 d4 16. Bxd4 exd4 17. Nb5 Qd5 18. f3 Qd7 19. c3 a6 20. Nxd4 Bc5 21. Re1 Bxd4+ 22. cxd4 Qxd4+ 23. Kh1 Qd7 24. Bc2 Qxd1 25. Raxd1 g6 26. Rd6 Kg7 27. Re7 Bd5 28. a3 Rfd8 29. Rxd8 Rxd8 30. Be4 Bxe4 31. fxe4 Re8 32. Rxe8 Nxe8 33. b4 Nd6 34. e5 Nc4 35. a4 Nxe5 36. b5 axb5 37. axb5 Nc4 38. Kg1 Kf6 39. g4 Ke5 40. Kf2 Kd5 41. Kg3 Kc5 42. b6 Nxb6 43. h4 Nd5 44. g5 h5 45. Kf3 Kd4 46. Kg3 Ke4 47. Kh3 Kf4 48. Kh2 Kg4 49. Kg2 Kxh4 50. Kh2 Kxg5 51. Kg3 h4+ 52. Kh3 Ne3 53. Kh2 Kg4 54. Kh1 h3 55. Kh2 Kf3 56. Kxh3 g5 57. Kh2 g4 58. Kh1 g3 59. Kg1 g2 60. Kh2 Kf2 61. Kh3 g1=Q 62. Kh4 Qg4# 0-1